The roar of the crowd / (Record no. 5930)

MARC details
000 -LEADER
fixed length control field 01201cam a2200361 a 4500
001 - CONTROL NUMBER
control field 5930
003 - CONTROL NUMBER IDENTIFIER
control field FISKH
005 - DATE AND TIME OF LATEST TRANSACTION
control field 20250210084503.0
008 - FIXED-LENGTH DATA ELEMENTS--GENERAL INFORMATION
fixed length control field 050831r20042005nyu c 000 1 eng
010 ## - LIBRARY OF CONGRESS CONTROL NUMBER
LC control number 2005541167
020 ## - INTERNATIONAL STANDARD BOOK NUMBER
International Standard Book Number 0670059404 (pbk.)
020 ## - INTERNATIONAL STANDARD BOOK NUMBER
International Standard Book Number 9780439799713
040 ## - CATALOGING SOURCE
Original cataloging agency DLC
Transcribing agency DLC
Language of cataloging eng
Modifying agency FISKH
042 ## - AUTHENTICATION CODE
Authentication code lcac
050 ## - LIBRARY OF CONGRESS CALL NUMBER
Classification number PZ7.W15877 R
082 ## - DEWEY DECIMAL CLASSIFICATION NUMBER
Classification number 672
100 1# - MAIN ENTRY--PERSONAL NAME
Personal name Wallace, Rich
Dates associated with a name (1957-)
245 14 - TITLE STATEMENT
Title The roar of the crowd /
Statement of responsibility, etc. Rich Wallace.
250 ## - EDITION STATEMENT
Edition statement This edition first published in 2005
260 ## - PUBLICATION, DISTRIBUTION, ETC.
Place of publication, distribution, etc. New York :
Name of publisher, distributor, etc. Scholastic,
Date of publication, distribution, etc. 2004.
300 ## - PHYSICAL DESCRIPTION
Extent 103 pages :
Dimensions 20 cm
490 1# - SERIES STATEMENT
Series statement Winning season ;
Volume/sequential designation 1
505 ## - FORMATTED CONTENTS NOTE
Formatted contents note R<br/>
520 ## - SUMMARY, ETC.
Summary, etc. After years of playing nothing but soccer in Hudson City, New Jersey, Manny has to work very hard to play on the middle school football team, using determination, speed, and smarts to make up for being small and inexperienced.
521 ## - TARGET AUDIENCE NOTE
Target audience note 680<br/>
Source Lexile<br/><br/>
521 ## - TARGET AUDIENCE NOTE
Target audience note R<br/>
Source Raz-Plus<br/>
650 #1 - SUBJECT ADDED ENTRY--TOPICAL TERM
Topical term or geographic name entry element Football
Form subdivision Fiction.
650 #1 - SUBJECT ADDED ENTRY--TOPICAL TERM
Topical term or geographic name entry element Self-confidence
Form subdivision Fiction.
800 1# - SERIES ADDED ENTRY--PERSONAL NAME
Personal name Wallace, Rich.
Title of a work Winning season ;
Volume/sequential designation #1.
906 ## - LOCAL DATA ELEMENT F, LDF (RLIN)
a 7
b cbc
c orignew
d 2
e ncip
f 20
g y-gencatlg
942 ## - ADDED ENTRY ELEMENTS (KOHA)
Source of classification or shelving scheme Dewey Decimal Classification
Koha item type Books
Suppress in OPAC No
Holdings
Withdrawn status Lost status Source of classification or shelving scheme Damaged status Not for loan Collection Home library Current library Shelving location Date acquired Total Checkouts Full call number Barcode Date last seen Copy number Price effective from Koha item type
    Dewey Decimal Classification     Juvenile Fiction Footprints International School Library Network Toul Kork Campus Footprints International School Library Network Toul Kork Campus TTP Primary Orange Bookshelves 02/10/2025   WAL 672 PZ7.W15877 R 2025-0455 02/10/2025 1 02/10/2025 Books
    Dewey Decimal Classification     Juvenile Fiction Footprints International School Library Network Toul Kork Campus Footprints International School Library Network Toul Kork Campus TTP Primary Orange Bookshelves 02/10/2025   WAL 672 PZ7.W15877 R 2025-0456 02/10/2025 2 02/10/2025 Books